| 000 | 00456nam a2200181Ia 4500 | ||
|---|---|---|---|
| 008 | 231221s9999 xx 000 0 und d | ||
| 020 | _a9780000000000 | ||
| 041 | _aEnglish | ||
| 082 | _a651.4 RAM;3 R | ||
| 100 | _aRaman, Meenakshi. Singh, Prakash. | ||
| 245 | 0 | _aBusiness communication | |
| 250 | _a2nd ed. | ||
| 260 |
_c2012 _bOxford University Press _aNew Delhi |
||
| 300 | _axvii,650 | ||
| 300 | _cCD6176 | ||
| 500 | _aE.-509 | ||
| 942 | _cHM | ||
| 999 |
_c216231 _d216231 |
||